000 00411pab a2200157 454500
008 180718b2013 xxu||||| |||| 00| 0 eng d
100 _aMuralidharan, Sukumar
245 _aThe nation and its citizens of identity, property and other forms of tyranny
260 _c2013
300 _ap.3-58.
362 _aSep-Oct
650 _aNationalism
773 _aSocial Scientist
908 _aN
909 _a103415
999 _c103411
_d103411